| LEADER |
00820nas0a2200229 450 |
| 001 |
16867794 |
| 011 |
|
|
|b Br.
|d 5,5
|
| 100 |
|
|
|a 20260304d2023 u u0frey01 ba
|
| 101 |
1 |
|
|a fre
|c fre
|
| 102 |
|
|
|a FR
|
| 110 |
0 |
|
|a afu 0uu0
|
| 200 |
0 |
|
|a National Geographic [ 318 ]
|f Frédéric Vallois
|
| 207 |
|
1 |
|a 318
|
| 210 |
|
|
|a Gennevilliers Cedex
|b 13, Henri Barbusse
|c NG France
|d 2023
|
| 215 |
|
|
|a 1 vol. (154 p.)
|c couv. coul. ; ill. coul.
|d 25.5x17.5 cm
|
| 464 |
|
|
|a La quête de la supersoie
|
| 464 |
|
|
|a Elephants: le conflit en Angola les a-t-il transformés en fantômes?
|
| 464 |
|
|
|a Vikings: les raisons de leur disparition au Groenland
|
| 676 |
|
|
|a 070.17
|
| 900 |
|
|
|a Revues et magazines
|
| 901 |
|
|
|a Adultes
|
| 995 |
|
|
|a Médiathèque
|c Médiathèque
|f 089021765
|h 089021765
|k 070.17 NAT 318
|o p
|q a
|r az
|e Médiathèque
|